<?xml version="1.0" encoding="UTF-8"?>
<record
    xmlns:xsi="http://www.w3.org/2001/XMLSchema-instance"
    xsi:schemaLocation="http://www.loc.gov/MARC21/slim http://www.loc.gov/standards/marcxml/schema/MARC21slim.xsd"
    xmlns="http://www.loc.gov/MARC21/slim">

  <leader>01272nam a2200253 a 4500</leader>
  <controlfield tag="001">BRCA_9005</controlfield>
  <controlfield tag="003">FranzMayer</controlfield>
  <controlfield tag="005">20230728115807.0</controlfield>
  <controlfield tag="008">190717s1702----sp-a######---#000-0#spa-#</controlfield>
  <datafield tag="040" ind1=" " ind2=" ">
    <subfield code="a">MFM</subfield>
    <subfield code="b">esp</subfield>
    <subfield code="c">MFM</subfield>
  </datafield>
  <datafield tag="041" ind1=" " ind2=" ">
    <subfield code="a">spa</subfield>
  </datafield>
  <datafield tag="044" ind1=" " ind2=" ">
    <subfield code="a">sp</subfield>
  </datafield>
  <datafield tag="084" ind1=" " ind2=" ">
    <subfield code="a">COB28</subfield>
    <subfield code="b">.T67 1702</subfield>
  </datafield>
  <datafield tag="100" ind1="1" ind2=" ">
    <subfield code="a">Torres, Joseph de</subfield>
    <subfield code="9">22347</subfield>
  </datafield>
  <datafield tag="245" ind1="1" ind2="0">
    <subfield code="a">Reglas generales de acompa&#xF1;ar, en organo, clavicordio, y harpa, con solo saber cantar la parte, &#xF2; vn baxo en canto figurado</subfield>
    <subfield code="b">distribuida en tres partes: en la primera se ense&#xF1;an los fundamentos, que deben de proceder al acompa&#xF1;ar, en la segunda el modo de acompa&#xF1;ar, vsando solo de especies consonantes, y en la tercera el modo de practicar las especies falas, assi dentro de la ligadura, como fuera de ella</subfield>
    <subfield code="c">compuestas por Don Joseph de Torres, Organista principal de la Real Capilla.</subfield>
  </datafield>
  <datafield tag="260" ind1=" " ind2=" ">
    <subfield code="a">Madrid</subfield>
    <subfield code="b">En la Imprenta de Mvsica</subfield>
    <subfield code="c">1702</subfield>
  </datafield>
  <datafield tag="300" ind1=" " ind2=" ">
    <subfield code="a">[7], [12], 143 p.</subfield>
    <subfield code="b">il.</subfield>
    <subfield code="c">20.8 x 15 cm</subfield>
  </datafield>
  <datafield tag="500" ind1=" " ind2=" ">
    <subfield code="a">Con privilegio</subfield>
  </datafield>
  <datafield tag="500" ind1=" " ind2=" ">
    <subfield code="a">En portada: Dedicalas al Ilvstrissimo se&#xF1;or Don Pedro Portocarrero, y Guzm&#xE1;n, Patriarcha de las Indias, &amp;c.</subfield>
  </datafield>
  <datafield tag="500" ind1=" " ind2=" ">
    <subfield code="a">Estado f&#xED;sico: presenta encuadernaci&#xF3;n en pergamino con cintas rotas</subfield>
  </datafield>
  <datafield tag="650" ind1="1" ind2="4">
    <subfield code="a">Acompa&#xF1;amiento musical</subfield>
    <subfield code="9">22348</subfield>
  </datafield>
  <datafield tag="902" ind1=" " ind2=" ">
    <subfield code="a">LAR</subfield>
  </datafield>
  <datafield tag="942" ind1=" " ind2=" ">
    <subfield code="2">lcc</subfield>
    <subfield code="c">B</subfield>
  </datafield>
  <datafield tag="999" ind1=" " ind2=" ">
    <subfield code="c">8656</subfield>
    <subfield code="d">8656</subfield>
  </datafield>
  <datafield tag="952" ind1=" " ind2=" ">
    <subfield code="0">0</subfield>
    <subfield code="1">0</subfield>
    <subfield code="2">lcc</subfield>
    <subfield code="4">0</subfield>
    <subfield code="7">0</subfield>
    <subfield code="8">CFM</subfield>
    <subfield code="a">BRCA</subfield>
    <subfield code="b">BRCA</subfield>
    <subfield code="d">2017-07-18</subfield>
    <subfield code="e">Donaci&#xF3;n</subfield>
    <subfield code="l">0</subfield>
    <subfield code="o">COB28 .T67 1702</subfield>
    <subfield code="p">9703</subfield>
    <subfield code="r">2019-03-22 00:00:00</subfield>
    <subfield code="w">2019-03-22</subfield>
    <subfield code="y">B</subfield>
  </datafield>
</record>
